Catalog

Record Details

Catalog Search



Tak pravil Friedrich Nietzsche Cover Image Book Book

Tak pravil Friedrich Nietzsche

Record details

  • ISBN: 80-7198-473-6
  • Physical Description: 195 s. ; 21 cm
  • Publisher: V Olomouci : Votobia, 2001

Content descriptions

General Note:
Přeloženo z němčiny
Subject: nihilismus
voluntarismus
umění
individualismus
Voluntarism
Arts
Individualism
Nihilism
Genre: aforismy
úvahy

Available copies

  • 1 of 1 copy available at Common Catalog SPOK.

Holds

  • 0 current holds with 1 total copy.
Show Only Available Copies
Location Call Number / Copy Notes Barcode Shelving Location Status Due Date
Jabok Library FL-3/Ni 424480012367 Odborná literatura Available -

Electronic resources

Version of Resource: Digitalizovaný dokument


LDR 01427nam a2200457 a 4500
00113055
003CZ-PrJAB
00520190903105617.0
007tu
008010613s2001 xr e 000 0 cze
015 . ‡acnb000999428
020 . ‡a80-7198-473-6 ‡q(brož.)
035 . ‡a(CZ PrNK)cpk20010999428
035 . ‡a(OCoLC)50342250
040 . ‡aABA001 ‡bcze
0411 . ‡acze ‡hger
072 7. ‡a17 ‡xEtika. Morální filozofie ‡2Konspekt ‡95
080 . ‡a72/76 ‡2MRF
080 . ‡a17.035.1 ‡2MRF
080 . ‡a17.037 ‡2MRF
080 . ‡a17.032.3 ‡2MRF
080 . ‡a(0:82-4) ‡2MRF
080 . ‡a(0:82-84) ‡2MRF
1001 . ‡aNietzsche, Friedrich, ‡d1844-1900 ‡7jn19990006124 ‡4aut
24510. ‡aTak pravil Friedrich Nietzsche
260 . ‡aV Olomouci : ‡bVotobia, ‡c2001
300 . ‡a195 s. ; ‡c21 cm
500 . ‡aPřeloženo z němčiny
65007. ‡anihilismus ‡7ph123293 ‡2czenas
65007. ‡avoluntarismus ‡7ph127236 ‡2czenas
65007. ‡aumění ‡7ph116538 ‡2czenas
65007. ‡aindividualismus ‡7ph121070 ‡2czenas
65009. ‡aVoluntarism ‡2eczenas
65009. ‡aArts ‡2eczenas
65009. ‡aIndividualism ‡2eczenas
65009. ‡aNihilism ‡2eczenas
655 7. ‡aaforismy ‡7fd131784 ‡2czenas
655 7. ‡aúvahy ‡7fd134000 ‡2czenas
85641. ‡uhttp://krameriusndk.nkp.cz/search/handle/uuid:54bd64d0-4a8a-11e7-b03f-005056827e52 ‡yDigitalizovaný dokument
995 . ‡aska
910 . ‡aABG312
901 . ‡a13055 ‡bCZ PrNK ‡c13055 ‡tbiblio

Additional Resources